000 01244nam a22002777a 4500
001 4587
003 DO-SdBPM
005 20250123094539.0
007 4587
008 161206b 2007 ck 00| 0 spa d
020 _a9789974802766
040 _aDO-SdBPM
_bspa
_cBPMSU
082 4 _a745.5
_bC336m 2007
_222
245 0 0 _aManualidades y artesanías para los pequeños :
_bcascabeles /
_c diseño, producción y explicación de los trabajos Magda Acevedo ; ilustraciones especiales Diego Gelmetti.
260 _aUruguay :
_bArquetipo Grupo Editorial,
_c2007
300 _a2 v. :
_b il. ;
_c29 cm.
505 _a v. 1 : Con indicaciones paso a paso : Muñecas de lana ; Títeres divertidos ; Garda Útiles ; Portarretratos ; Llamador de ángeles ; Móviles mariposa ; Patalla para lámpara ; Velas de navidad ; v. 2: Con indicaciones paso a paso : Bolso con goma eva ; Máscaras ; Agenda ; Porta CD ; Frascos decorados ; Souvenirs ; Pecera multicolor ; Tarjetas
590 _aInventariado, 2025/VM
650 4 _aTrabajos manuales (educación )
650 4 _aArtesanías
650 4 _a Trabajos en papel
650 4 _aMáscaras
700 1 _aAcevedo, Magda.
_eproducción
910 _aVMateo V. Control de calidad. BPMSU
942 _2ddc
_cBK
999 _c12314
_d12314